| LEADER |
01165nam0a2200241 450 |
| 001 |
16845850 |
| 010 |
|
|
|a 978-2-7560-8145-8
|b rel.
|d 12
|
| 100 |
|
|
|a 20170505d2026 u u0frey01 ba
|
| 101 |
0 |
|
|a fre
|
| 102 |
|
|
|a FR
|
| 200 |
0 |
|
|a Terre de folie
|f scénario, Léo & Rodolphe
|g dessin, Zoran Janjetov - couleur, Zoran Janjetov Jr
|
| 207 |
|
1 |
|a
|
| 210 |
|
|
|a Lausanne
|b 27, rue de la Borde
|c Delcourt
|d DL 2017
|
| 215 |
|
|
|a 1 vol. (47 p.)
|c ill. en coul.
|d 30 cm
|
| 225 |
1 |
|
|a Centaurus
|v 3
|
| 330 |
|
|
|a L'équipe de reconnaissance qui a débarqué sur la planète Véra se retrouve face à un Mont Saint-Michel fidèlement reconstitué mais totalement abandonné. Elle y retrouve aussi bien de l'argent terrien que des boules à neige pour touristes. Les mystères autour de cette planète se font de plus en plus étranges et les dangers de plus en plus grands...
|
| 461 |
|
0 |
|t Centaurus
|v 3
|
| 700 |
|
0 |
|a Leo
|f 1944-....
|4 70
|
| 701 |
|
0 |
|a Rodolphe
|f 1948-....
|4 70
|
| 702 |
|
0 |
|a Janjetov
|b Zoran
|4 440
|
| 900 |
|
|
|a Bandes déssinées ADULTE
|
| 901 |
|
|
|a Accessible au prêt
|
| 995 |
|
|
|a Bibliothèque
|c Bibliothèque
|f 024025043
|h 024025043
|k BDA LEO
|o p
|q a
|r az
|e Bibliothèque
|